Verification by Error Modeling Using Testing Techniques in Hardware Verification /

1. DESIGN FLOW Integrated circuit (IC) complexity is steadily increasing. ICs incorporating hundreds of millions of transistors, mega-bit memories, complicated pipelined structures, etc., are now in high demand. For example, Intel Itanium II processor contains more than 200 million transistors, incl...

Full description

Bibliographic Details
Main Authors: Radecka, Katarzyna (Author), Zilic, Zeljko (Author)
Corporate Author: SpringerLink (Online service)
Format: Electronic eBook
Language:English
Published: Boston, MA : Springer US, 2003.
Series:Frontiers in Electronic Testing, 25
Subjects:
Online Access:Full Text via HEAL-Link
LEADER 03606nam a22005895i 4500
001 978-0-306-48739-2
003 DE-He213
005 20151204171416.0
007 cr nn 008mamaa
008 100301s2003 xxu| s |||| 0|eng d
020 |a 9780306487392  |9 978-0-306-48739-2 
024 7 |a 10.1007/b105974  |2 doi 
040 |d GrThAP 
050 4 |a TJ210.2-211.495 
050 4 |a T59.5 
072 7 |a TJFM1  |2 bicssc 
072 7 |a TEC037000  |2 bisacsh 
072 7 |a TEC004000  |2 bisacsh 
082 0 4 |a 629.892  |2 23 
100 1 |a Radecka, Katarzyna.  |e author. 
245 1 0 |a Verification by Error Modeling  |h [electronic resource] :  |b Using Testing Techniques in Hardware Verification /  |c by Katarzyna Radecka, Zeljko Zilic. 
264 1 |a Boston, MA :  |b Springer US,  |c 2003. 
300 |a XV, 216 p.  |b online resource. 
336 |a text  |b txt  |2 rdacontent 
337 |a computer  |b c  |2 rdamedia 
338 |a online resource  |b cr  |2 rdacarrier 
347 |a text file  |b PDF  |2 rda 
490 1 |a Frontiers in Electronic Testing,  |x 0929-1296 ;  |v 25 
505 0 |a Boolean Function Representations -- Don’t Cares and Their Calculation -- Testing -- Design Error Models -- Design Verification by At -- Identifying Redundant Gate and Wire Replacements -- Conclusions and Future Work. 
520 |a 1. DESIGN FLOW Integrated circuit (IC) complexity is steadily increasing. ICs incorporating hundreds of millions of transistors, mega-bit memories, complicated pipelined structures, etc., are now in high demand. For example, Intel Itanium II processor contains more than 200 million transistors, including a 3 MB third level cache. A billion transistor IC was said to be “imminently doable” by Intel fellow J. Crawford at Microprocessor Forum in October 2002 [40]. Obviously, designing such complex circuits poses real challenges to engineers. Certainly, no relief comes from the competitive marketplace, with increasing demands for a very narrow window of time (time-to-market) in engineering a ready product. Therefore, a systematic and well-structured approach to designing ICs is a must. Although there are no widely adhered standards for a design flow, most companies have their own established practices, which they follow closely for in-house design processes. In general, however, a typical product cycle includes few milestones. An idea for a new product starts usually from an - depth market analysis of customer needs. Once a window of opportunity is found, product requirements are carefully specified. Ideally, these parameters would not change during the design process. In practice, initial phases of preparing a design specification are susceptible to potential errors, as it is very difficult to grasp all the details in a complex design. 
650 0 |a Engineering. 
650 0 |a Computers. 
650 0 |a Computer-aided engineering. 
650 0 |a Robotics. 
650 0 |a Automation. 
650 0 |a Electrical engineering. 
650 0 |a Electronic circuits. 
650 1 4 |a Engineering. 
650 2 4 |a Robotics and Automation. 
650 2 4 |a Circuits and Systems. 
650 2 4 |a Electrical Engineering. 
650 2 4 |a Computer-Aided Engineering (CAD, CAE) and Design. 
650 2 4 |a Computing Methodologies. 
700 1 |a Zilic, Zeljko.  |e author. 
710 2 |a SpringerLink (Online service) 
773 0 |t Springer eBooks 
776 0 8 |i Printed edition:  |z 9781402076527 
830 0 |a Frontiers in Electronic Testing,  |x 0929-1296 ;  |v 25 
856 4 0 |u http://dx.doi.org/10.1007/b105974  |z Full Text via HEAL-Link 
912 |a ZDB-2-ENG 
912 |a ZDB-2-BAE 
950 |a Engineering (Springer-11647)